| 000 | 00490nam a2200169Ia 4500 | ||
|---|---|---|---|
| 003 | OSt | ||
| 005 | 20200629140836.0 | ||
| 008 | 190216s9999||||xx |||||||||||||| ||und|| | ||
| 040 | _coclc | ||
| 082 |
_a954.83 _bMAN/A |
||
| 100 |
_aManmathan, M R _93284 |
||
| 245 | 0 |
_aArchaeology In Kerala Past And Present / _cM R Manmathan |
|
| 260 |
_bFeroke College, _c2007. _aKozhikode: |
||
| 300 | _a196p | ||
| 650 | _aHistory | ||
| 942 |
_cBK _2ddc _h954.83 _iMAN/A _k954.83 _mMAN/A |
||
| 999 |
_c21173 _d21173 |
||